Responses for show #6965 - Friday, December 19, 2014

Contestants

Chris Trumpy, a project analyst from Ventura, California

Allison Fraser, a stay-at-home mom from Alexandria, Virginia

Kevin Hozey, a history teacher from Jacksonville, Florida (whose 1-day cash winnings total $27,601)

Jeopardy! Round responses

COOKBOOKS
THE WWII WASP
"CITY" CITIES
7 DEADLY SIN‑ONYMS
(Alex: We want you to I.D. a--I.D. the corresponding sin according to the Catholic Education Resource Center, all right?)
@midnight
POINTS!
    $200 4
preserving

Allison
    $200 18
(Kevin: What is Personnel?)

Pilots

Triple Stumper
    $200 1
Atlantic City

Kevin
    $200 9
lust

Allison
    $200 19
Egypt

Triple Stumper
    $200 24
NASCAR

Allison
    $400 5
pies

Allison
    $400 20
(Walt) Disney

Kevin
    $400 2
Salt Lake City

Chris
    $400 10
sloth

Chris
    $400 25
"Auld Lang Syne"

Allison
    $400 12
Wilt Chamberlain

Chris
    $1,000 6
Morocco

Allison
    $600 21
the B-29

Kevin
    $600 3
(Allison: What is Jefferson City?)

Kansas City

AllisonChris
    $600 11
avarice

Triple Stumper
    $600 26
Longfellow

Kevin
    $600 13
Wayne Gretzky

Kevin
    $800 7
(Chris: What is "Joy of"?)

paleo

Chris
Triple Stumper
    $800 22
(Chris: What is Time?)

Life

KevinChris
    $800 16
Carson City

Chris
    $800 14
pride

Chris
    $800 29
[The end-of-round signal sounds.]

John Brown

Kevin
    $800 27
(Chris: What are interceptions?)

field goals

KevinChris
    $1000 8
bento boxes

Allison
    $1000 23
(Allison: Who is Amelia Earhart?)
...
(Alex: Less than a minute now.)

Jacqueline Cochran

Allison
Triple Stumper
    $1000 17
Jefferson City

Allison
    $1000 15
anger

Kevin
    $1000 28
golf

Kevin

Scores at the first commercial break (after clue 15):

Kevin Allison Chris
$1,800 $2,200 $1,800

Scores at the end of the Jeopardy! Round:

Kevin Allison Chris
$6,800 $2,800 $1,000

Double Jeopardy! Round responses

THE PLAYWRIGHT WRITES
(Alex: Identify the playwright.)
CREATURE COMFORTS
ENDS IN "X"
ECONOMICS
A CHRISTMAS SONGBOOK
THE SAKHAROV PRIZE
    $400 3
(Chris: Who is Margaret Mitchell?)

Tennessee Williams (in A Streetcar Named Desire)

AllisonChris
    $400 1
their nests

Chris
    $400 13
unisex

Chris
    $400 21
a recession

Kevin
    $400 8
"Deck The Halls"

Kevin
    $400 26
Mandela

Allison
    $800 4
David Mamet (in Glengarry Glen Ross)

Allison
    $800 2
(Kevin: What are termites?)

ants

KevinAllison
    $2,000 14
spandex

Chris
    $800 22
(Kevin: What is the interest rate?)
(Alex: Be more specific.)
(Alex: What is the prime interest rate?)
(Alex: No. Allison.)
(Allison: What is inflation?)

the deposit interest rate

KevinAllison
Triple Stumper
    $800 9
"Santa Claus Is Coming To Town"

Kevin
    $800 27
Borders

Kevin
    $1200 5
(George Bernard) Shaw (in Pygmalion)

Allison
    $1200 18
a turtle

Triple Stumper
    $1200 15
reflux

Kevin
    $1200 23
the business cycle

Triple Stumper
    $1200 10
"We Wish You A Merry Christmas"

Kevin
    $1200 28
Argentina

Allison
    $1600 6
Woody Allen (in Play It Again, Sam)

Triple Stumper
    $1600 19
an otter

Chris
    $1600 16
(Kevin: What is a duplex?)

a saltbox

KevinAllison
    $1600 24
quantitative

Triple Stumper
    $1600 11
"O Come, All Ye Faithful"

Allison
    $4,000 29
[The end-of-round signal sounds.]
(Alex: And with that, you go to 20 grand!)

Prague

Allison
    $2000 7
(Chris: Who is Shakespeare?)

Sophocles (in Oedipus Rex)

Chris
Triple Stumper
    $2000 20
aestivation

Chris
    $2000 17
(Alex: [*], his friend.)

Ajax

Allison
    $2000 25
(Alex: You are right with less than a minute to go.)

the gold standard

Allison
    $2000 12
"O Little Town Of Bethlehem"

Allison

Scores at the end of the Double Jeopardy! Round:

Kevin Allison Chris
$8,400 $20,000 $5,000
(lock game)

[wagering suggestions for these scores]

Final Jeopardy! Round responses

INTERNATIONAL MOTORING
ChrisWhat is Poland
$3,406
KevinWhat is Ireland?
$1,700
AllisonWhat is Ireland?
$500
(1 of) Ireland, Malta & Cyprus

Final scores:

Kevin Allison Chris
$10,100 $20,500 $1,594
2nd place: $2,000 New champion: $20,500 3rd place: $1,000

Game dynamics:

Coryat scores:

Kevin Allison Chris
$8,400 $17,200 $3,800
16 R,
3 W
20 R
(including 2 DDs),
3 W
11 R
(including 1 DD),
5 W

Combined Coryat: $29,400

The J! Archive is created by fans, for fans. The Jeopardy! game show and all elements thereof, including but not limited to copyright and trademark thereto, are the property of Jeopardy Productions, Inc. and are protected under law. This website is not affiliated with, sponsored by, or operated by Jeopardy Productions, Inc. Join the discussion at JBoard.tv.